00456nam a2200157Ia 450000500170000000800410001708200130005810000220007124500200009326000370011330000130015065000150016394200060017895200990018499900150028320250406071343.0240331s9999 xx 000 0 und d bSHAa894 aShanmugalingam, M 0aAnnai Itta thee aChennaibSouth Asian Booksc1997 a183 p ., aDrama Book cL 001040708LaWERCLbWERCLcSSCd2024-03-31l0o 894.811 SHAp4529r2024-03-31w2024-03-31yL c3764d3764